LEADER 00892cam2 22002413 450 001 SOBE00042532 005 20140416101524.0 100 $a20140416d2007 |||||ita|0103 ba 101 $aita 102 $aIT 200 0 $aTesti 210 $aModena$cFranco Cosimo Panini$d2007 215 $a356 p.$cill. $d32 cm 461 1$1001E600200037131$12001 $a<>Palazzo Schifanoia a Ferrara = The Palazzo Schifanoia in Ferrara / a cura di Salvatore Settis, Walter Cupperi ; scritti di Jadranka Bentini [et al.] ; fotografie di Andrea Ghiraldini 801 0$aIT$bUNISOB$c20140416$gRICA 850 $aUNISOB 852 $aUNISOB$j700|Coll|63|K$m138612 912 $aSOBE00042532 940 $aM 102 Monografia moderna SBN 941 $aW 957 $a700|Coll|63|K$b000014$i-2$gSI$d138612$1rovito$2UNISOB$3UNISOB$420140416101441.0$520140416101510.0$6rovito 996 $aTesti$9140952 997 $aUNISOB